[Event "Lliga Catalana DH"]
[Site "?"]
[Date "2018.02.17"]
[Round "5.6"]
[White "Martinez Lopez, Carlos"]
[Black "Quintas Galeano, Lluis"]
[Result "1-0"]
[WhiteElo "2174"]
[BlackElo "2227"]
[PlyCount "151"]
[EventDate "2018.??.??"]
[WhiteTeam "PIP"]
[BlackTeam "LLE"]

1. e4 c6 2. d4 d5 3. Nc3 g6 4. Bf4 Bg7 5. exd5 cxd5 6. Bb5+ Nc6 7. Qd2 Nf6 8.
Nf3 O-O 9. Bxc6 bxc6 10. Ne5 Bd7 11. O-O Ng4 12. Nxg4 Bxg4 13. Bh6 Bxh6 14.
Qxh6 Qb6 15. Qd2 Qxb2 16. Rab1 Qa3 17. h3 Bc8 18. Rfe1 Ba6 19. h4 Rab8 20. h5
Rxb1 21. Rxb1 Qd6 22. Na4 Bc4 23. Nc5 Bxa2 24. Ra1 Rb8 25. Qc1 Bc4 26. Rxa7
gxh5 27. Qg5+ Kh8 28. g3 Re8 29. Qxh5 Qg6 30. Qe5+ f6 31. Qe6 Qxc2 32. Rxe7
Qd1+ 33. Kh2 Qh5+ 34. Kg2 Rxe7 35. Qxe7 Qg6 36. Qf8+ Qg8 37. Qxf6+ Qg7 38. Qf4
Qe7 39. Qf5 h6 40. Qc8+ Kh7 41. Qxc6 Qe1 42. Qd7+ Kh8 43. Qc8+ Kh7 44. Qf5+ Kh8
45. Ne6 Qe4+ 46. Qxe4 dxe4 47. Nc5 Bd5 48. Kf1 Kg7 49. Ke2 Kf6 50. Ke3 Kf5 51.
Nd7 h5 52. Nb6 Bb7 53. Nc4 Ke6 54. Ne5 Kf5 55. Kd2 Bd5 56. Kc3 Be6 57. Kd2 Bd5
58. Ke2 Be6 59. Nc6 Kg4 60. Ne7 Kg5 61. d5 Bg4+ 62. Ke3 Kf6 63. Nc6 Bf3 64. Kd4
Kf5 65. d6 Ke6 66. Kc5 Bd1 67. Ne5 Ba4 68. Nc4 Be8 69. Nb6 Bg6 70. d7 Ke7 71.
Kc6 Kd8 72. Nc4 Bf5 73. Ne5 Be6 74. Kd6 Bxd7 75. Nxd7 h4 76. gxh4 1-0

[Event "Lliga Catalana DH"]
[Site "?"]
[Date "2018.02.17"]
[Round "5.7"]
[White "Sole Pijuan, Ferran"]
[Black "Garcia Castellote, Daniel"]
[Result "1-0"]
[WhiteElo "2226"]
[BlackElo "2166"]
[PlyCount "63"]
[EventDate "2018.??.??"]
[WhiteTeam "LLE"]
[BlackTeam "PIP"]

1. d4 Nf6 2. c4 g6 3. Nc3 Bg7 4. e4 d6 5. Bd3 e5 6. d5 Na6 7. Nge2 Nc5 8. Bc2
a5 9. O-O O-O 10. Rb1 c6 11. b3 b5 12. Be3 b4 13. Bxc5 dxc5 14. Na4 Qd6 15. Nc1
Ba6 16. Re1 cxd5 17. cxd5 Bh6 18. Bd3 Rfc8 19. Nb2 Nd7 20. Bxa6 Qxa6 21. Ncd3
f6 22. Qg4 Qd6 23. Nc4 Qe7 24. f4 Re8 25. fxe5 Nxe5 26. Ndxe5 fxe5 27. Rf1 Ra6
28. d6 Rxd6 29. Nxd6 Be3+ 30. Kh1 Qxd6 31. Qf3 Bf4 32. g3 1-0

[Event "Lliga Catalana DH"]
[Site "?"]
[Date "2018.02.17"]
[Round "5.9"]
[White "Codina Garcia, Josep"]
[Black "Moya Arau, Carles"]
[Result "1/2-1/2"]
[WhiteElo "2189"]
[BlackElo "2153"]
[PlyCount "61"]
[EventDate "2018.??.??"]
[WhiteTeam "LLE"]
[BlackTeam "PIP"]

1. c4 c5 2. Nf3 d6 3. g3 g6 4. Bg2 Bg7 5. O-O Nc6 6. d3 e5 7. Nc3 Nge7 8. Bd2
O-O 9. Rb1 Rb8 10. a3 a6 11. b4 cxb4 12. axb4 b5 13. cxb5 axb5 14. e4 h6 15.
Ne1 f5 16. Qb3+ Kh7 17. Nc2 f4 18. f3 g5 19. g4 Qb6+ 20. Rf2 Rf6 21. h3 Be6 22.
Qb2 Ra8 23. Ra1 Rff8 24. Be1 Nd4 25. Kh2 Nec6 26. Nxd4 Nxd4 27. Rxa8 Rxa8 28.
Rf1 Qb7 29. Bf2 Nc6 30. Rb1 Bf6 31. Bf1 1/2-1/2

[Event "Lliga Catalana DH"]
[Site "?"]
[Date "2018.02.17"]
[Round "5.9"]
[White "Subirachs Mancebo, Guillem"]
[Black "Bruned Segura, Mario"]
[Result "1/2-1/2"]
[WhiteElo "2208"]
[BlackElo "2217"]
[PlyCount "125"]
[EventDate "2018.??.??"]
[WhiteTeam "PIP"]
[BlackTeam "LLE"]

1. e4 c6 2. d4 d5 3. Nc3 dxe4 4. Nxe4 Nd7 5. Nf3 Ngf6 6. Nxf6+ Nxf6 7. Bc4 Bf5
8. Ne5 e6 9. g4 Bg6 10. h4 Nd7 11. Qe2 Nxe5 12. dxe5 h5 13. Bg5 Qa5+ 14. Bd2
Bb4 15. O-O-O O-O-O 16. Bg5 Rxd1+ 17. Rxd1 hxg4 18. Rd4 Qb6 19. Qxg4 Bf5 20.
Qf4 Bc5 21. Rd2 Qc7 22. Bd3 Bxd3 23. Rxd3 f6 24. exf6 Qxf4+ 25. Bxf4 gxf6 26.
Bg3 e5 27. Kd1 e4 28. Rd2 f5 29. Ke2 Rh7 30. Rd1 Be7 31. c3 a5 32. a4 Rh6 33.
f3 Bxh4 34. Bf4 Rh8 35. fxe4 fxe4 36. Ke3 Re8 37. Rd4 Bf6 38. Rxe4 Rxe4+ 39.
Kxe4 b5 40. Be5 Be7 41. b3 Kd7 42. Kd4 Ba3 43. Ke4 Bb2 44. Bd4 bxa4 45. bxa4 c5
46. Bg7 Kc6 47. Kd3 Bc1 48. Kc4 Bg5 49. Be5 Be7 50. Bf4 Bf6 51. Be3 Be7 52. Bh6
Bd8 53. Bg7 Bg5 54. Bf8 Bf6 55. Bh6 Be7 56. Be3 Bf6 57. Bf4 Be7 58. Be5 Bg5 59.
Bg7 Be7 60. Bh6 Bd8 61. Be3 Bf6 62. Bf2 Be7 63. Be3 1/2-1/2

[Event "Lliga Catalana DH"]
[Site "?"]
[Date "2018.02.17"]
[Round "5.10"]
[White "Cervello Tost, Roger"]
[Black "Masague Artero, Guerau"]
[Result "1/2-1/2"]
[WhiteElo "2103"]
[BlackElo "2158"]
[PlyCount "130"]
[EventDate "2018.??.??"]
[WhiteTeam "PIP"]
[BlackTeam "LLE"]

1. e4 c5 2. d4 cxd4 3. c3 dxc3 4. Nxc3 Nc6 5. Nf3 e6 6. Bc4 a6 7. O-O Nge7 8.
Bf4 Ng6 9. Bg3 Be7 10. Qe2 O-O 11. Rfd1 b5 12. Bb3 Bb7 13. Rd2 Ra7 14. Rad1 Ba8
15. Qe3 Rb7 16. e5 Bb4 17. h4 Nge7 18. Bc2 Rc7 19. Ng5 h6 20. Nh7 Na5 21. Nxf8
Kxf8 22. Qb6 Nd5 23. Nxd5 Bxd5 24. Rxd5 exd5 25. e6 d6 26. Bf5 Nc4 27. Qd4 Bc5
28. Qxd5 Qf6 29. b3 Ne5 30. Bxe5 Qxe5 31. Qxe5 dxe5 32. Rd8+ Ke7 33. Rd7+ Rxd7
34. exd7 g6 35. Bh3 h5 36. g4 hxg4 37. Bxg4 f5 38. Be2 Kxd7 39. a4 bxa4 40.
bxa4 a5 41. Bc4 Ke7 42. Kg2 Kf6 43. Kg3 Bb4 44. f3 Be1+ 45. Kh3 e4 46. fxe4
fxe4 47. Kg4 Bd2 48. Bd5 Ke5 49. Bf7 Kf6 50. Bd5 e3 51. Kf3 Kf5 52. Be4+ Kf6
53. Bd3 Kg7 54. Kg4 Kh6 55. Be2 Be1 56. Bd3 Bf2 57. Bc4 Kg7 58. h5 gxh5+ 59.
Kxh5 Kf6 60. Kg4 Ke5 61. Kf3 Kd4 62. Bb5 Bh4 63. Ke2 Be7 64. Be8 Bc5 65. Bb5
Ke4 1/2-1/2

[Event "Lliga Catalana DH"]
[Site "?"]
[Date "2018.02.17"]
[Round "5.1"]
[White "Gozzoli, Yannick"]
[Black "Campos Moreno, Javier"]
[Result "1-0"]
[WhiteElo "2567"]
[BlackElo "2510"]
[PlyCount "85"]
[EventDate "2018.??.??"]
[WhiteTeam "FIG"]
[BlackTeam "OLO"]

1. d4 Nf6 2. c4 e6 3. Nf3 d5 4. Nc3 Bb4 5. Bg5 h6 6. Bxf6 Qxf6 7. Qa4+ Nc6 8.
e3 O-O 9. Rc1 Qg6 10. Qc2 Qxc2 11. Rxc2 Rd8 12. a3 Bf8 13. Be2 Ne7 14. O-O Bd7
15. c5 f6 16. b4 a6 17. Nd2 e5 18. Nb3 exd4 19. exd4 Be6 20. Re1 Bf7 21. Bd3
Bg6 22. Bxg6 Nxg6 23. Na5 b6 24. Nc6 Rd7 25. Na4 bxc5 26. Nxc5 Bxc5 27. bxc5 a5
28. Rb2 Rf7 29. Rb7 Ra6 30. Re8+ Kh7 31. Nd8 Rd7 32. c6 Rd6 33. Rb8 Raxc6 34.
Nxc6 Rxc6 35. g3 Rc4 36. Rbc8 Rxd4 37. Rxc7 Rd1+ 38. Kg2 f5 39. Rd8 Ne5 40. Rc5
Ng4 41. Rcxd5 Ra1 42. h3 Nf6 43. Rxa5 1-0

[Event "Lliga Catalana DH"]
[Site "?"]
[Date "2018.02.17"]
[Round "5.2"]
[White "Vidal Zamora, Alex"]
[Black "Gonzalez Rodriguez, Jorge"]
[Result "1-0"]
[WhiteElo "2422"]
[BlackElo "2381"]
[PlyCount "51"]
[EventDate "2018.??.??"]
[WhiteTeam "OLO"]
[BlackTeam "FIG"]

1. d4 Nf6 2. c4 e6 3. g3 d5 4. Bg2 c6 5. Nf3 Nbd7 6. O-O dxc4 7. a4 a5 8. Nc3
Bb4 9. Qc2 O-O 10. Na2 Nb6 11. Rd1 Be7 12. Ne5 Nfd5 13. e4 Nb4 14. Nxb4 Bxb4
15. Be3 Qd6 16. Rac1 Rd8 17. Bf4 Qe7 18. Be3 Qc7 19. Nxc4 Nxc4 20. Qxc4 Bd7 21.
d5 Rac8 22. Bg5 Re8 23. d6 Qb8 24. e5 h6 25. Bxh6 gxh6 26. Qg4+ 1-0

[Event "Lliga Catalana DH"]
[Site "?"]
[Date "2018.02.17"]
[Round "5.3"]
[White "Touzane, Olivier"]
[Black "Sabria Batlle, Pol"]
[Result "0-1"]
[WhiteElo "2283"]
[BlackElo "2403"]
[PlyCount "46"]
[EventDate "2018.??.??"]
[WhiteTeam "FIG"]
[BlackTeam "OLO"]

1. d4 Nf6 2. Bf4 c5 3. dxc5 Nc6 4. Nf3 e6 5. Bd6 Bxd6 6. Qxd6 Ne4 7. Qd3 Qa5+
8. Nc3 Nxc5 9. Qb5 Qxb5 10. Nxb5 Ke7 11. Nc3 d5 12. e3 Bd7 13. O-O-O Rac8 14.
Nd4 a6 15. Be2 Rhd8 16. Kb1 Be8 17. a3 f6 18. Bg4 Ne5 19. Bh3 Bf7 20. f3 Rc7
21. Rhe1 Nc6 22. Rd2 g6 23. Rdd1 Ne5 0-1

[Event "Lliga Catalana DH"]
[Site "?"]
[Date "2018.02.17"]
[Round "5.4"]
[White "Busquets Prats, Rafel"]
[Black "Serra Pages, Jordi"]
[Result "0-1"]
[WhiteElo "2352"]
[BlackElo "2338"]
[PlyCount "146"]
[EventDate "2018.??.??"]
[WhiteTeam "OLO"]
[BlackTeam "FIG"]

1. e4 e5 2. Nf3 Nc6 3. Bb5 a6 4. Ba4 Nf6 5. O-O Be7 6. Re1 b5 7. Bb3 d6 8. c3
O-O 9. h3 Nb8 10. d4 Nbd7 11. Nbd2 Bb7 12. a4 c5 13. d5 c4 14. Bc2 Nc5 15. Nf1
bxa4 16. Ng3 Nb3 17. Rxa4 Nxc1 18. Qxc1 Nd7 19. Nf5 Nc5 20. Rxc4 a5 21. Rxc5
dxc5 22. Nxe5 g6 23. Nxe7+ Qxe7 24. f4 f6 25. Nf3 c4 26. Nd4 Ra6 27. Ba4 Rb6
28. Kh1 Ba8 29. Re2 Rfb8 30. Qa1 Qd6 31. Ne6 Qe7 32. Nd4 Qd6 33. f5 Qe5 34. Bd7
Kg7 35. Be6 a4 36. Nf3 Qf4 37. Qa3 R6b7 38. d6 Rd8 39. Rd2 Rb3 40. Qc5 Bxe4 41.
Qd4 a3 42. bxa3 Rb1+ 43. Ng1 gxf5 44. Qa7+ Rb7 45. Qd4 Rb1 46. Qa7+ Bb7 47. Rf2
Qxd6 48. Bxf5 Qb6 49. Qxb6 Rxb6 50. Nf3 Rd1+ 51. Kh2 Bxf3 52. Rxf3 Ra1 53. Rg3+
Kh6 54. Rg4 Rc6 55. Be4 Rc5 56. Rh4+ Rh5 57. Rf4 Re5 58. Bf3 Rxa3 59. Rxc4 Re3
60. Rh4+ Kg6 61. c4 Rac3 62. Bd5 f5 63. Rf4 Kg5 64. Rd4 Red3 65. Rxd3 Rxd3 66.
g3 Rd2+ 67. Kg1 h5 68. Bf7 h4 69. gxh4+ Kxh4 70. Be6 f4 71. Kf1 f3 72. c5 Kg3
73. Bb3 Rh2 0-1

[Event "Lliga Catalana DH"]
[Site "?"]
[Date "2018.02.17"]
[Round "5.5"]
[White "Vives Esmerat, Jaume"]
[Black "Aymerich Verdaguer, Eduard"]
[Result "1-0"]
[WhiteElo "2366"]
[BlackElo "2315"]
[PlyCount "65"]
[EventDate "2018.??.??"]
[WhiteTeam "FIG"]
[BlackTeam "OLO"]

1. e4 c5 2. b3 Nc6 3. Bb2 e6 4. e5 d6 5. exd6 Nf6 6. Bb5 Bd7 7. Nf3 Bxd6 8. O-O
Qc7 9. Re1 h5 10. Bxc6 Bxc6 11. Ne5 Ng4 12. Qe2 O-O-O 13. h3 Nxe5 14. Bxe5 Bxe5
15. Qxe5 Qe7 16. d3 Rd5 17. Qe3 Rg5 18. f3 Rh6 19. Nd2 Rhg6 20. Re2 Rg3 21. Kf1
Qh4 22. Qxc5 Qf4 23. Ne4 Rxf3+ 24. gxf3 Qxf3+ 25. Rf2 Qxh3+ 26. Ke2 f5 27. Qf8+
Kc7 28. Qf7+ Kb6 29. Qxg6 fxe4 30. Qxg7 h4 31. dxe4 Ka6 32. Rg1 Bxe4 33. Qg4
1-0

[Event "Lliga Catalana DH"]
[Site "?"]
[Date "2018.02.17"]
[Round "5.6"]
[White "Serra Rifa, Ernest"]
[Black "Baños, Oscar Francisco"]
[Result "1/2-1/2"]
[WhiteElo "2269"]
[BlackElo "2307"]
[PlyCount "94"]
[EventDate "2018.??.??"]
[WhiteTeam "OLO"]
[BlackTeam "FIG"]

1. e4 e6 2. d4 d5 3. exd5 exd5 4. Nf3 Nf6 5. Bd3 Bg4 6. h3 Bh5 7. O-O Be7 8.
Re1 O-O 9. Nbd2 c5 10. dxc5 Bxc5 11. Nb3 Bb6 12. Bf4 Nc6 13. c3 Qd7 14. Be2
Rfe8 15. Nfd4 Bg6 16. a4 a6 17. a5 Ba7 18. Nxc6 bxc6 19. Bxa6 Rxe1+ 20. Qxe1
Ne4 21. Be3 Bxe3 22. Qxe3 Rxa6 23. f3 Nd6 24. Nc5 Qa7 25. b4 h5 26. Re1 Nf5 27.
Qe8+ Kh7 28. g4 Nh4 29. Qe3 Qc7 30. Qf2 Nxf3+ 31. Qxf3 Ra8 32. gxh5 Bc2 33. Qf2
Be4 34. Nxe4 dxe4 35. Rxe4 Rd8 36. Qf5+ Kg8 37. Qe5 Rd6 38. c4 c5 39. bxc5 Rd1+
40. Kf2 Qxa5 41. Qe8+ Kh7 42. Qxf7 Qd2+ 43. Re2 Qd4+ 44. Re3 Qh4+ 45. Rg3 Qd4+
46. Re3 Qh4+ 47. Rg3 Qd4+ 1/2-1/2

[Event "Lliga Catalana DH"]
[Site "?"]
[Date "2018.02.17"]
[Round "5.7"]
[White "Pijuan Herranz , Manel"]
[Black "Pinyol Clapera, David"]
[Result "0-1"]
[WhiteElo "2307"]
[BlackElo "2239"]
[PlyCount "84"]
[EventDate "2018.??.??"]
[WhiteTeam "FIG"]
[BlackTeam "OLO"]

1. d4 Nf6 2. Nf3 e6 3. g3 d5 4. c4 Be7 5. Bg2 O-O 6. O-O c5 7. cxd5 Nxd5 8. e4
Nf6 9. Nc3 cxd4 10. Nxd4 Nbd7 11. Qe2 Bc5 12. Rd1 Bxd4 13. Rxd4 e5 14. Rd1 Qe7
15. Bg5 Nb6 16. a4 Be6 17. a5 Nbd7 18. Qb5 h6 19. Be3 Ng4 20. Nd5 Bxd5 21. Rxd5
Ngf6 22. Bc5 Nxc5 23. Rxc5 Rfe8 24. Rac1 a6 25. Qc4 Rab8 26. b4 Red8 27. b5 Rd4
28. Qb3 axb5 29. Rxb5 Qd6 30. Rb6 Rd3 31. Qb1 Qa3 32. a6 Nd7 33. Rxb7 Ra8 34.
Bf1 Rd2 35. Qa1 Qf3 36. Be2 Qxe2 37. Rf1 Rxa6 38. Qc3 Rad6 39. Qc8+ Kh7 40. Qe8
Qa6 41. Rb3 Rd1 42. Rb1 Qxf1# 0-1

[Event "Lliga Catalana DH"]
[Site "?"]
[Date "2018.02.17"]
[Round "5.8"]
[White "Pages Rafart, Jordi"]
[Black "Pinsach Gelabert, Alex"]
[Result "0-1"]
[WhiteElo "2232"]
[BlackElo "2294"]
[PlyCount "76"]
[EventDate "2018.??.??"]
[WhiteTeam "OLO"]
[BlackTeam "FIG"]

1. d4 d5 2. c4 dxc4 3. Nc3 c5 4. d5 e6 5. e4 exd5 6. Qxd5 Qb6 7. Bxc4 Be6 8.
Qd3 Bxc4 9. Qxc4 Qb4 10. Qxb4 cxb4 11. Nd5 Bd6 12. Be3 Nc6 13. O-O-O Rd8 14.
Nf3 Nge7 15. Nxe7 Kxe7 16. Nh4 g6 17. f4 b6 18. Nf3 Bc5 19. Bxc5+ bxc5 20. Rd5
Rxd5 21. exd5 Nd4 22. Nxd4 cxd4 23. Rd1 Rc8+ 24. Kb1 Kd6 25. Rxd4 a5 26. b3 Rc5
27. Rd3 h5 28. Kb2 Rc7 29. g3 Re7 30. Rd2 h4 31. Kc2 Re1 32. Rd3 Ra1 33. Kb2
Rh1 34. Rd2 Rg1 35. gxh4 Rf1 36. Kc2 Rxf4 37. Kd3 Rxh4 38. Ke3 Rh5 0-1

[Event "Lliga Catalana DH"]
[Site "?"]
[Date "2018.02.17"]
[Round "5.9"]
[White "Colls Gelaberto, Emili"]
[Black "Vilar Lopez, Monica"]
[Result "1/2-1/2"]
[WhiteElo "2271"]
[BlackElo "2188"]
[PlyCount "110"]
[EventDate "2018.??.??"]
[WhiteTeam "FIG"]
[BlackTeam "OLO"]

1. d4 d5 2. c4 e6 3. Nf3 c5 4. cxd5 exd5 5. g3 Nf6 6. Bg2 Nc6 7. O-O Be7 8. Nc3
O-O 9. dxc5 Bxc5 10. Na4 Be7 11. Be3 Bg4 12. Rc1 Re8 13. Nc3 h6 14. Qa4 Qd7 15.
Rfd1 Rad8 16. Nd4 Bf8 17. Nxc6 bxc6 18. Bd4 Bxe2 19. Nxe2 Rxe2 20. Qxc6 Qf5 21.
Bf1 Re6 22. Qc2 Qh5 23. Bxa7 Ng4 24. h3 Ne5 25. Bg2 Nf3+ 26. Bxf3 Qxf3 27. Rd3
Qf5 28. Kg2 Ra6 29. Bd4 Rxa2 30. Rf3 Qxc2 31. Rxc2 Ra4 32. Rd3 Rc4 33. Rcd2 Bb4
34. Re2 Bc5 35. Bxc5 Rxc5 36. Kf3 Kf8 37. Rd4 Rb5 38. b4 Rdb8 39. Rb2 Ke7 40.
Ke3 Kd6 41. Kd3 R8b7 42. h4 h5 43. f3 g6 44. g4 f5 45. Kc3 Rc7+ 46. Kd3 Ra7 47.
gxf5 Ra3+ 48. Ke2 gxf5 49. Rd3 Ra4 50. Rdb3 Ke5 51. Ke3 Ra1 52. f4+ Kd6 53. Rb1
Ra2 54. R1b2 Ra1 55. Rb1 Ra2 1/2-1/2

[Event "Lliga Catalana DH"]
[Site "?"]
[Date "2018.02.17"]
[Round "5.10"]
[White "Lazaro Pujol, Abel"]
[Black "Parals Marce, Lluis"]
[Result "1/2-1/2"]
[WhiteElo "2100"]
[BlackElo "2214"]
[PlyCount "166"]
[EventDate "2018.??.??"]
[WhiteTeam "OLO"]
[BlackTeam "FIG"]

1. e4 g6 2. d4 Bg7 3. Nc3 d6 4. Be3 a6 5. h4 h6 6. Qd2 b5 7. O-O-O Nd7 8. f3
Nb6 9. Bd3 c6 10. Kb1 Nc4 11. Bxc4 bxc4 12. Nge2 Rb8 13. Qe1 Qb6 14. Bc1 Nf6
15. Nf4 e5 16. dxe5 dxe5 17. Nfe2 Nd7 18. Rd6 Bf8 19. Rd1 Nc5 20. Qg3 Bg7 21.
Qf2 Be6 22. g4 O-O 23. Ng3 Rb7 24. Rhg1 Qa5 25. Qe3 Rfb8 26. Nf5 Nd3 27. cxd3
Qxc3 28. Qd2 Qxd2 29. Rxd2 c3 30. Rc2 cxb2 31. Rxb2 Rxb2+ 32. Bxb2 Bf8 33. Ne3
Bc5 34. Re1 Bd4 35. Nd1 Kf8 36. Ka1 c5 37. Bxd4 cxd4 38. Nb2 Rc8 39. Kb1 Ke7
40. Re2 Kd6 41. Nd1 a5 42. Rb2 Kc5 43. Rc2+ Kb4 44. Rxc8 Bxc8 45. Kb2 Be6 46.
a3+ Ka4 47. Nf2 h5 48. g5 Bd7 49. Ka2 Be6+ 50. Kb2 Kb5 51. Kc2 Ka4 52. Kb2 Bb3
53. Nh3 Bd1 54. Ng1 Bb3 55. Nh3 Be6 56. Nf2 Bc8 57. Ka2 Be6+ 58. Kb2 Kb5 59.
Kc2 Kc5 60. Kb2 Kd6 61. Kc2 Ke7 62. Kd2 f6 63. gxf6+ Kxf6 64. Ke2 g5 65. hxg5+
Kxg5 66. Nd1 h4 67. Nb2 Kf4 68. Kf2 h3 69. Na4 Bd7 70. Nb6 Be6 71. Nd5+ Kg5 72.
Kg3 Kh6 73. Nf6 Kg5 74. Nd5 Kh6 75. f4 Bxd5 76. exd5 e4 77. d6 e3 78. d7 e2 79.
Kf2 h2 80. d8=Q e1=Q+ 81. Kxe1 h1=Q+ 82. Kf2 Qh2+ 83. Kf3 Qh1+ 1/2-1/2

[Event "Lliga Catalana DH"]
[Site "?"]
[Date "2018.02.24"]
[Round "6.1"]
[White "Fluvia Poyatos, Joan"]
[Black "Movsziszian, Karen "]
[Result "1/2-1/2"]
[WhiteElo "2538"]
[BlackElo "2562"]
[PlyCount "126"]
[EventDate "2018.??.??"]
[WhiteTeam "SJO"]
[BlackTeam "SAN"]

1. b3 e5 2. Bb2 d6 3. e3 g6 4. d4 Nd7 5. dxe5 dxe5 6. Nf3 Bg7 7. Nbd2 Ne7 8.
Ne4 O-O 9. Qd2 Nc6 10. Bb5 Ndb8 11. O-O-O Qe7 12. Kb1 a6 13. Be2 Nd7 14. h4 Nf6
15. Nxf6+ Bxf6 16. h5 Rd8 17. Qc3 Rxd1+ 18. Bxd1 Bg4 19. hxg6 hxg6 20. Nd2 Bxd1
21. Rxd1 Rd8 22. Rg1 Bg7 23. Ne4 Rd5 24. a3 Na7 25. Qc4 c6 26. g4 Nb5 27. Qb4
Nd6 28. c4 a5 29. Qe1 Nxe4 30. cxd5 cxd5 31. Qxa5 d4 32. f3 Ng5 33. Qd5 dxe3
34. Re1 Qf6 35. Rxe3 Qf4 36. Rd3 e4 37. Bc1 Qh2 38. Rd2 Qh4 39. Qd8+ Bf8 40. f4
e3 41. Rc2 e2 42. Rxe2 Qxg4 43. Qd3 Ne6 44. Rf2 Nc5 45. Qc2 Qg3 46. f5 Ne4 47.
Qxe4 Qxf2 48. fxg6 fxg6 49. Qxb7 Qf5+ 50. Ka2 Bg7 51. Qg2 Bf6 52. Bb2 Bxb2 53.
Qxb2 g5 54. b4 g4 55. b5 g3 56. Qb3+ Qf7 57. Qxf7+ Kxf7 58. b6 g2 59. b7 g1=Q
60. b8=Q Qf2+ 61. Kb3 Qe3+ 62. Kb4 Qe1+ 63. Ka4 Qe8+ 1/2-1/2

[Event "Lliga Catalana DH"]
[Site "?"]
[Date "2018.02.24"]
[Round "6.2"]
[White "Muñoz Pantoja, Miguel"]
[Black "Fluvia Poyatos, Jordi"]
[Result "1-0"]
[WhiteElo "2527"]
[BlackElo "2460"]
[PlyCount "175"]
[EventDate "2018.??.??"]
[WhiteTeam "SAN"]
[BlackTeam "SJO"]

1. e4 c6 2. Nc3 d5 3. Nf3 a6 4. d4 Bg4 5. Be2 e6 6. O-O Nf6 7. e5 Nfd7 8. Ne1
Bxe2 9. Nxe2 c5 10. c3 Nc6 11. Nd3 cxd4 12. cxd4 Be7 13. Be3 O-O 14. Nef4 Nb4
15. Qg4 Nxd3 16. Nxd3 Kh8 17. f4 f5 18. exf6 Rxf6 19. Rae1 Rf5 20. Qh3 Bd6 21.
Bd2 Qf6 22. Qe3 Re8 23. Bb4 Bxb4 24. Nxb4 Qe7 25. Nd3 h5 26. Re2 b6 27. Rc1 Qd6
28. Rec2 Nf6 29. Rc6 Qb8 30. Rxe6 Ne4 31. Qh3 Ref8 32. Re5 Rxe5 33. Nxe5 Qe8
34. g3 Nf6 35. Qf1 a5 36. Rc6 Ng4 37. Rxb6 Qa4 38. Qd3 Nxe5 39. dxe5 Qxa2 40.
Kg2 a4 41. Qa3 Qxa3 42. bxa3 Rc8 43. Rb4 Rc2+ 44. Kh3 g5 45. Rxa4 Kg7 46. Ra7+
Kg6 47. Ra6+ Kf5 48. Rf6+ Ke4 49. fxg5 Kxe5 50. Rf8 Rc4 51. Rh8 d4 52. Rd8 Rc6
53. Kh4 Rd6 54. Re8+ Kf5 55. Kxh5 d3 56. Re1 d2 57. Rd1 Rd8 58. g4+ Ke6 59. Kh4
Rd3 60. a4 Kf7 61. a5 Kg6 62. a6 Rd7 63. h3 Ra7 64. Rxd2 Rxa6 65. Rf2 Ra3 66.
Rg2 Ra8 67. Rc2 Ra3 68. Rc6+ Kg7 69. g6 Rb3 70. g5 Rb4+ 71. Kh5 Ra4 72. h4 Rb4
73. Rc7+ Kg8 74. Rf7 Ra4 75. Rf3 Kg7 76. Rg3 Ra8 77. Rc3 Ra4 78. Rc7+ Kg8 79.
g7 Rb4 80. Re7 Rb6 81. Kg4 Rb4+ 82. Kf5 Rxh4 83. Kf6 Rf4+ 84. Kg6 Re4 85. Rf7
Re6+ 86. Rf6 Rxf6+ 87. Kxf6 Kh7 88. g8=Q+ 1-0

[Event "Lliga Catalana DH"]
[Site "?"]
[Date "2018.02.24"]
[Round "6.3"]
[White "Porras Mateo, Felipe"]
[Black "Dominguez Pons, Eric"]
[Result "1-0"]
[WhiteElo "2448"]
[BlackElo "2447"]
[PlyCount "79"]
[EventDate "2018.??.??"]
[WhiteTeam "SJO"]
[BlackTeam "SAN"]

1. d4 d5 2. c4 Nc6 3. cxd5 Qxd5 4. e3 e5 5. Nc3 Bb4 6. Bd2 Bxc3 7. Bxc3 exd4 8.
Ne2 Nf6 9. Nxd4 O-O 10. Nb5 Qg5 11. h4 Qh6 12. Nxc7 Bg4 13. Qa4 Rac8 14. Nd5
Nxd5 15. Qxg4 Nxc3 16. bxc3 Na5 17. Qb4 b6 18. Ba6 Rc5 19. O-O Re8 20. Rac1 Qe6
21. a4 g6 22. Rfd1 Nc4 23. Rc2 Kg7 24. Rcc1 Re7 25. Rd8 Rec7 26. Rcd1 Qe7 27.
Ra8 Re5 28. Bxc4 Qxb4 29. cxb4 Rxc4 30. Rxa7 Rxh4 31. Rdd7 Rf5 32. f4 Rf6 33.
a5 bxa5 34. bxa5 Rh5 35. g3 Rb5 36. e4 Kg8 37. e5 Rf5 38. a6 g5 39. Ra8+ Kg7
40. a7 1-0

[Event "Lliga Catalana DH"]
[Site "?"]
[Date "2018.02.24"]
[Round "6.4"]
[White "Akbarinia, Sayed Arash "]
[Black "Iglesias, Jorge"]
[Result "1/2-1/2"]
[WhiteElo "2387"]
[BlackElo "2382"]
[PlyCount "46"]
[EventDate "2018.??.??"]
[WhiteTeam "SAN"]
[BlackTeam "SJO"]

1. c4 c6 2. Nf3 d5 3. d4 Nf6 4. Qc2 dxc4 5. Qxc4 Bg4 6. Ne5 Be6 7. Qd3 Nbd7 8.
e4 Nxe5 9. dxe5 Qxd3 10. Bxd3 O-O-O 11. Bc2 Nd7 12. f4 g5 13. f5 Bc4 14. e6
fxe6 15. Nd2 Ba6 16. Nf3 exf5 17. Nxg5 Ne5 18. exf5 Rg8 19. Kf2 Bd3 20. Bb3 Bc4
21. Bxc4 Nxc4 22. Nxh7 Rd5 23. g3 Rxf5+ 1/2-1/2

[Event "Lliga Catalana DH"]
[Site "?"]
[Date "2018.02.24"]
[Round "6.5"]
[White "Fernandez Madrid, Carlos"]
[Black "Colon Garcia, Enrique"]
[Result "0-1"]
[WhiteElo "2242"]
[BlackElo "2406"]
[PlyCount "60"]
[EventDate "2018.??.??"]
[WhiteTeam "SJO"]
[BlackTeam "SAN"]

1. d4 Nf6 2. c4 e6 3. Nf3 b6 4. g3 Bb4+ 5. Bd2 Be7 6. Bg2 c6 7. a4 a5 8. O-O
Na6 9. Ne5 O-O 10. e4 Nb4 11. Na3 Ba6 12. Nc2 Rc8 13. Nxb4 axb4 14. Re1 d6 15.
Nxc6 Rxc6 16. e5 Rxc4 17. exf6 Bxf6 18. Bf1 Bxd4 19. Bxc4 Bxc4 20. Bxb4 Qf6 21.
Qd2 e5 22. Rac1 Bd5 23. Qe2 Bf3 24. Qc2 Ba8 25. Qe2 Qe6 26. Qc4 Qd7 27. Qb5 Qb7
28. Kf1 Qg2+ 29. Ke2 Qxf2+ 30. Kd3 e4+ 0-1

[Event "Lliga Catalana DH"]
[Site "?"]
[Date "2018.02.24"]
[Round "6.6"]
[White "Castellano Egea, Einar"]
[Black "Barcelo Sola, David"]
[Result "1/2-1/2"]
[WhiteElo "2298"]
[BlackElo "2178"]
[PlyCount "28"]
[EventDate "2018.??.??"]
[WhiteTeam "SAN"]
[BlackTeam "SJO"]

1. e4 c5 2. Nf3 Nc6 3. d4 cxd4 4. Nxd4 g6 5. Nc3 Bg7 6. Nde2 d6 7. g3 Bg4 8.
Bg2 Nd4 9. Qd3 Nxe2 10. Nxe2 Nf6 11. O-O O-O 12. h3 Bd7 13. c4 Qc8 14. Kh2 Be6
1/2-1/2

[Event "Lliga Catalana DH"]
[Site "?"]
[Date "2018.02.24"]
[Round "6.7"]
[White "Fernandez Serrano, Pablo"]
[Black "Bautista Sanchez, Joan"]
[Result "1/2-1/2"]
[WhiteElo "2173"]
[BlackElo "2284"]
[PlyCount "98"]
[EventDate "2018.??.??"]
[WhiteTeam "SJO"]
[BlackTeam "SAN"]

1. d4 c6 2. Nf3 Nf6 3. Bf4 g6 4. e3 Bg7 5. Nbd2 d5 6. Bd3 Bg4 7. h3 Bxf3 8.
Qxf3 Qb6 9. Rb1 Nbd7 10. O-O O-O 11. c3 Rfe8 12. Bh2 e5 13. Qd1 c5 14. dxe5
Nxe5 15. Bc2 Rad8 16. Nf3 Nxf3+ 17. Qxf3 Ne4 18. Rfd1 f5 19. Bf4 Kf8 20. Bxe4
dxe4 21. Qe2 Qe6 22. Qb5 b6 23. Bg5 Bf6 24. Bxf6 Qxf6 25. a4 Qe7 26. a5 Qc7 27.
a6 Re7 28. Rxd8+ Qxd8 29. Qc6 Qd7 30. Qf6+ Kg8 31. c4 Re6 32. Qc3 Rd6 33. Kh2
Rd2 34. Kg1 Qd6 35. Rf1 Rd3 36. Qc2 Kf7 37. Qa4 Ke7 38. b3 Qf6 39. b4 cxb4 40.
Qxb4+ Qd6 41. Qb2 Qf6 42. Qb4+ Kf7 43. c5 bxc5 44. Qc4+ Kg7 45. Rb1 Rd7 46. Rb7
Qa1+ 47. Kh2 Qe5+ 48. Kh1 Qa1+ 49. Kh2 Qe5+ 1/2-1/2

[Event "Lliga Catalana DH"]
[Site "?"]
[Date "2018.02.24"]
[Round "5.8"]
[White "Subitats Ruiz, Sergi"]
[Black "Campins Machado, Francesc Miquel"]
[Result "1-0"]
[WhiteElo "2284"]
[BlackElo "2144"]
[PlyCount "63"]
[EventDate "2018.??.??"]
[WhiteTeam "SAN"]
[BlackTeam "SJO"]

1. e4 c5 2. Nf3 e6 3. Qe2 Nc6 4. g3 d5 5. d3 Nf6 6. Bg2 g6 7. Bg5 h6 8. exd5
hxg5 9. dxc6 Bg7 10. Ne5 Qc7 11. O-O O-O 12. Na3 Nd5 13. cxb7 Bxb7 14. Nac4
Rad8 15. c3 Ba6 16. Nxg6 Bxc4 17. Nxf8 Ba6 18. Nxe6 Qe7 19. Nxd8 Qxe2 20. Bxd5
Bxd3 21. Nxf7 Kf8 22. Rad1 c4 23. Nxg5 Qe5 24. Ne6+ Kg8 25. Nf4+ Kh7 26. Rfe1
Qg5 27. h4 Qf5 28. Re7 Bc2 29. Rde1 Kh6 30. R1e6+ Kh7 31. Rg6 Qxd5 32. Rgxg7+
1-0